Short papers in geology and hydrology, Articles 1-59 : Geological Survey research 1963.

Bibliographic Details
Format: Government Document eBook
Language:English
Published: Washington : United States Department of the Interior, Geological Survey, 1963.
Series:Geological Survey professional paper ; 475-B.
Subjects:
Online Access:https://purl.fdlp.gov/GPO/gpo106406

MARC

Tag First Indicator Second Indicator Subfields
LEADER 00000cam a2200000 i 4500
001 in00004005313
005 20211120182801.0
006 m o d
007 cr bn|||||||||
008 161217s1963 dcuab ob f001 0 eng c
019 |a 890034480 
035 |a (OCoLC)ocn966417383 
040 |a OCLCE  |b eng  |e rda  |e pn  |c OCLCE  |d COP  |d OCLCF  |d OCLCQ  |d OCL  |d GPO  |d MvI  |d UtOrBLW 
042 |a pcc 
043 |a n-us--- 
049 |a WWW 
074 |a 0624 (online) 
086 0 |a I 19.16:475-B 
245 0 0 |a Short papers in geology and hydrology, Articles 1-59 :  |b Geological Survey research 1963. 
246 3 |a Geological Survey research 1963 
264 1 |a Washington :  |b United States Department of the Interior, Geological Survey,  |c 1963. 
300 |a 1 online resource (vi, B219 pages) :  |b illustrations, maps. 
336 |a text  |b txt  |2 rdacontent 
337 |a computer  |b c  |2 rdamedia 
338 |a online resource  |b cr  |2 rdacarrier 
490 1 |a Geological Survey professional paper ;  |v 475-B 
588 |a Description based on online resource; title from PDF title page (USGS viewed July 24, 2018). 
500 |a "Scientific notes and summaries of investigations prepared by members of the Conservation, Geologic, and Water Resources Divisions." 
504 |a Includes bibliographical references and index. 
650 0 |a Geology  |z United States.  |0 http://id.loc.gov/authorities/subjects/sh85054080 
650 0 |a Hydrology  |z United States.  |0 http://id.loc.gov/authorities/subjects/sh2009126709 
650 7 |a Geology.  |2 fast  |0 (OCoLC)fst00940627 
650 7 |a Hydrology.  |2 fast  |0 (OCoLC)fst00965147 
710 2 |a Geological Survey (U.S.),  |e issuing body.  |0 http://id.loc.gov/authorities/names/n80092173 
776 0 8 |i Print version:  |t Short papers in geology and hydrology, articles 1-59  |w (OCoLC)1001935782 
830 0 |a Geological Survey professional paper ;  |v 475-B.  |0 http://id.loc.gov/authorities/names/n42012105 
856 4 0 |u https://purl.fdlp.gov/GPO/gpo106406  |t 0 
999 f f |s fc1ac386-1133-38a0-96d4-94ad6abb0d0f  |i 21cbbf29-ab5e-317c-907d-c45f1079da00  |t 0 
952 f f |a Texas A&M University  |b College Station  |c Electronic Resources  |d Available Online  |t 0  |e I 19.16:475-B  |h Superintendent of Documents classification 
998 f f |a I 19.16:475-B  |t 0  |l Available Online